Представление документа в формате RUSMARC

ПолеНазваниеЗначение
  Тип записи c
  Библиографический уровень m
001 Контрольный номер RU/УОНБ/EK_N/434823863
005 Дата корректировки 20250520122216.0
013 Номер (ISMN) __
d Цена 1 р. 60 к.
071 Издательские номер (звукозапись и ноты) 21
a Номер, присвоенный агентством 9487
100 Данные общей обработки __
a Данные общей обработки 20131011d2013 u y0rusy0189||||ca
101 Язык документа 0_
a Язык текста rus
f Язык титульного листа rus
102 Страна публикации __
a Страна публикации RU
105 Кодированные данные (монография) __
a Кодированные данные (монография) y###||||000|y
125 Кодированные данные звукозаписи и нотных изданий __
a Форма изложения нотного текста с|
128 Кодированные данные (звукозаписи-физические характеристики) __
a Кодированные данные: Музыкальная форма и тональность или лад zz
c Инструменты или голоса, рекомендуемые для солистов (устаревшее) ka||
200 Заглавие и сведения об ответственности 1_
a Заглавие Произведения для фортепиано
b Общее обозначение материала [Ноты]
f Первые сведения об ответственности Арно Бабаджанян
g Последующие сведения об ответственности ред.-сост. В. Габриэлов
g Последующие сведения об ответственности авт. предисл. Е. Габриэлова
210 Выходные данные 1_
a Место издания Москва
c Издательство Советский композитор
d Дата издания 1991
215 Физическое описание __
a Объем 80 c.
d Формат 29 см
327 Примечание о содержании 11
a Примечание о содержании Содерж. : Прелюдия ; Мелодия ; Юмореска ; Экспромт ; Вагаршапатский танец ; Каприччио ; Поэма ; Элегия. - Картины : Импровизация ; Народная ; Токкатина ; Интермеццо ; Хорал ; Сасунский танец.
464 Аналитический уровень _0
1 2001
a Прелюдия
464 Аналитический уровень _0
1 2001
a Мелодия
464 Аналитический уровень _0
1 2001
a Юмореска
464 Аналитический уровень _0
1 2001
a Экспромт
464 Аналитический уровень _0
1 2001
a Вагаршапатский танец
464 Аналитический уровень _0
1 2001
a Каприччио
464 Аналитический уровень _0
1 2001
a Поэма
464 Аналитический уровень _0
1 2001
a Элегия
464 Аналитический уровень _0
1 2001
a Импровизация
1 50010
a Картины
464 Аналитический уровень _0
1 2001
a Народная
1 50010
a Картины
464 Аналитический уровень _0
1 2001
a Токкатина
1 50010
a Картины
464 Аналитический уровень _0
1 2001
a Интермеццо
1 50010
a Картины
464 Аналитический уровень _0
1 2001
a Хорал
1 50010
a Картины
464 Аналитический уровень _0
1 2001
a Сасунский танец
1 50010
a Картины
512 Заглавие обложки 1_
a Заглавие обложки Произведения для фортепиано
606 Тематические рубрики 0_
a Основная рубрика Фортепианная музыка советская
610 Ключевые слова 0_
a Ключевые слова фортепиано
610 Ключевые слова 0_
a Ключевые слова фортепианная музыка советских композиторов
610 Ключевые слова 0_
a Ключевые слова пьесы
686 Индексы других классификаций __
a Классификационный индекс 85.954.2я44
2 Код системы rubbk
700 Автор _1
a Фамилия Бабаджанян
b Имя (инициалы) А.
g Полное личное имя Арно Арутюнович
f Даты 1921-1983
702 Вторичная интеллектуальная ответственность _1
a Фамилия Габриэлов
b Имя (инициалы) В.
4 Код отношения 220
4 Код отношения 340
702 Вторичная интеллектуальная ответственность _1
a Фамилия Габриэлова
b Имя (инициалы) Е.
4 Код отношения 080
801 Источник записи _0
a Страна RU
b Организация Ульяновская ОНБ
c Дата составления 20131011
g Правила каталогизации RCR
801 Источник записи _1
a Страна RU
b Организация Ульяновская ОНБ
c Дата составления 20131011
g Правила каталогизации RCR
901 Тип документа __
t Тип документа m
909 Создатель записи __
a Создатель записи Сергеева Н. С.
938 Служебная информация __
a Имя БД noti
b Имя библиотеки УОНБ
c Имя АИБС МАРК-SQL
d Номер DOC_ID в БД 11689